Cypriot First Division by Badge - Statistics

General Stats
  • This quiz has been taken 11 times
  • The average score is 9 of 14
Answer Stats
Picture Answer % Correct
AEK Larnaca
100%
APOEL Nicosia
100%
Omonia Nicosia
100%
Pafos FC
100%
Anorthosis Famagusta
83%
Apollon Limassol
83%
AEL Limassol
67%
Aris Limassol
67%
Enosis Neon Paralimni
67%
Olympiacos Nicosia
50%
Akritas Chlorakas
17%
Ethnikos Achna
17%
Krasava ENY Ypsonas
17%
Omonia Araddipou
17%
No matching quizzes found
Score Distribution
Percent of People with Each Score
Percentile by Number Answered
Your Score History
You have not taken this quiz